Dấu tích kinh thành

Đã lưu trong:
書目詳細資料
主要作者: Giang Quân
格式: 圖書
出版: H. Nxb Hà Nội 1987
叢編:Tủ sách người Hà Nội
主題:
標簽: 添加標簽
沒有標簽, 成為第一個標記此記錄!
Thư viện lưu trữ: Trung tâm Học liệu Lê Vũ Hùng, Trường Đại học Đồng Tháp
LEADER 00778pam a22002418a 4500
001 00019658
005 20171026081022.0
008 110507s1987 ||||||Viesd
041 0 # |a Vie 
082 1 # |a 959.7  |b D125T 
100 0 # |a Giang Quân 
245 0 0 |a Dấu tích kinh thành  |c Giang Quân, Phan Tất Liêm 
260 # # |a H.  |b Nxb Hà Nội  |c 1987 
300 # # |a 171 tr.  |c 19 cm. 
490 0 # |a Tủ sách người Hà Nội 
653 # # |a Kinh thành 
653 # # |a Lịch sử 
653 # # |a Việt Nam 
852 # # |b Kho mượn  |j KM.0002371, KM.0009599 
852 # # |b Kho đọc  |j KD.0004806 
852 # # |j KM.0002371  |j KM.0009599  |j KD.0004806 
910 |d 07/05/2011 
980 # # |a Trung tâm Học liệu Lê Vũ Hùng, Trường Đại học Đồng Tháp